00350 a2200109 4500001001000000005001700010008004100027245006600068100002200134773006700156999001700223ART_2903720260410161909.0260409a 10aOil prices, cartels, and the problem of dynamic inconsistency1 aNewbery, D. M. G.0 tThe Economic Journalg- Vol. 91, NÂș 363 (sep. 1981)wREV12512 c26636d26636